| 000 | 02019cam a22004211i 4500 | ||
|---|---|---|---|
| 003 | SA-RiAUC | ||
| 005 | 20250529063103.0 | ||
| 008 | 250526s2002 ts g b 001 0 ara c | ||
| 040 |
_aSA-RiAUC _bara _cSA-RiAUC _erda |
||
| 050 | 4 | _b.I26 2002 | |
| 050 | 1 | 4 | _b. I27 2002 |
| 050 | 1 | 4 | _b. S22 2002 |
| 082 | 0 | 4 |
_a228.9 _qSA-RiAUC |
| 090 |
_a228.9 _b ا ب ن س |
||
| 100 | 1 |
_aابن سعدان، محمد بن سعدان، _d161-231 هجري _eمؤلف. |
|
| 245 | 1 | 2 |
_aالوقف والابتداء في كتاب الله عز وجل / _cتأليف أبي جعفر محمد بن سعدان الكوفي الضرير ؛ تحقيق وشرح الأستاذ أبو بشر محمد خليل الزروق ؛ راجعه وقدم له الدكتور عز الدين بن زغيبة. |
| 250 | _aالطبعة الأولى. | ||
| 264 | 1 |
_aدبي، الإمارات العربية المتحدة : _bمركز جمعة الماجد للثقافة والتراث، _c2002 |
|
| 300 |
_a260 صفحة ؛ _c24 × 17 سم |
||
| 336 |
_aنص _btxt _2rdacontent _3كتاب |
||
| 337 |
_aبدون وسيط _bn _2rdamedia |
||
| 338 |
_aمجلد _bnc _2rdacarrier |
||
| 500 | _aكشافات : صفحة 183-228. | ||
| 500 | _aنسخة مخطوطات. | ||
| 500 | _aغلاف بالألوان. | ||
| 500 | _aيشتمل على كشافات. | ||
| 504 | _aببليوجرافية : صفحة 229-258. | ||
| 504 | _aيشتمل على إرجاعات ببليوجرافية. | ||
| 520 | 0 | _aالتجويد. | |
| 630 | 2 | 7 |
_aالقرآن _xتجويد _2aucut |
| 630 | 2 | 7 |
_aالقرآن _xقراءات _2aucut |
| 700 | 1 |
_aالزروق، محمد خليل _eمحقق. |
|
| 700 | 1 |
_aبن زغيبة، عز الدين، _d1965- _eمراجع. |
|
| 700 | 1 | 2 |
_iتحقيق لـ : _aابن سعدان، محمد بن سعدان، _d161-231 هجري _tالوقف والابتداء في كتاب الله عز وجل |
| 730 | 2 | 2 | _aالقرآن |
| 942 |
_2ddc _cBOOK _n0 |
||
| 949 |
_aSA-JeALM _d250526 _umohamedma123 _n1 |
||
| 999 |
_c8461 _d8461 |
||